[Event "4NCL chT 1995/96 3rd"]
[Site "Various"]
[Date "1996.04.27"]
[Round "9.55"]
[White "Law, Andrew P"]
[Black "Tebb, David"]
[Result "1/2-1/2"]
[WhiteElo "2355"]
[BlackElo "2310"]
[PlyCount "25"]
[EventDate "1995.11.25"]
[EventType "team-tourn"]
[EventRounds "13"]
[EventCountry "GBR"]
[SourceTitle "BritBase"]
[Source "britbase.info"]
[SourceDate "2021.07.30"]
[SourceVersion "1"]
[SourceVersionDate "2021.07.30"]
[SourceQuality "1"]
[WhiteTeam "Wood Green"]
[BlackTeam "North West Eagles"]
[WhiteTeamCountry "ENG"]
[BlackTeamCountry "ENG"]

1. d4 Nf6 2. c4 g6 3. Nc3 Bg7 4. e4 d6 5. Nf3 O-O 6. Be2 e5 7. dxe5 dxe5 8.
Qxd8 Rxd8 9. Bg5 c6 10. Nxe5 Re8 11. Rd1 Na6 12. Nf3 Nc5 13. Nd2 1/2-1/2

[Event "4NCL chT 1995/96 3rd"]
[Site "Various"]
[Date "1996.04.27"]
[Round "9.56"]
[White "James, Dale R"]
[Black "Sowray, Peter John"]
[Result "0-1"]
[WhiteElo "2235"]
[BlackElo "2345"]
[PlyCount "76"]
[EventDate "1995.11.25"]
[EventType "team-tourn"]
[EventRounds "13"]
[EventCountry "GBR"]
[SourceTitle "BritBase"]
[Source "britbase.info"]
[SourceDate "2021.07.30"]
[SourceVersion "1"]
[SourceVersionDate "2021.07.30"]
[SourceQuality "1"]
[WhiteTeam "North West Eagles"]
[BlackTeam "Wood Green"]
[WhiteTeamCountry "ENG"]
[BlackTeamCountry "ENG"]

1. e4 e6 2. Nf3 d5 3. e5 c5 4. c4 d4 5. Bd3 Nc6 6. O-O Nge7 7. Re1 Ng6 8. g3
Qc7 9. Qe2 Bd7 10. a3 O-O-O 11. h4 f6 12. exf6 gxf6 13. b4 Rg8 14. b5 Nf4 15.
Qf1 e5 16. bxc6 Bh3 17. Be4 Kb8 18. d3 Bxf1 19. Kxf1 Ng6 20. a4 bxc6 21. Na3
Bd6 22. Bd2 Ne7 23. Reb1+ Kc8 24. Ng1 f5 25. Bg2 Kd7 26. Bg5 Rb8 27. Re1 Rb3
28. Nf3 Rxd3 29. Bf6 Rxf3 30. Bxf3 e4 31. Bg2 Rg6 32. Bg5 h6 33. Bc1 Bxg3 34.
fxg3 Qxg3 35. Ra2 e3 36. Nb5 f4 37. Be4 Qg1+ 38. Ke2 Qf2+ 0-1

[Event "4NCL chT 1995/96 3rd"]
[Site "Various"]
[Date "1996.04.27"]
[Round "9.61"]
[White "Baker, Chris W"]
[Black "Arkell, Keith C"]
[Result "1/2-1/2"]
[WhiteElo "2340"]
[BlackElo "2525"]
[PlyCount "30"]
[EventDate "1995.11.25"]
[EventType "team-tourn"]
[EventRounds "13"]
[EventCountry "GBR"]
[SourceTitle "BritBase"]
[Source "britbase.info"]
[SourceDate "2021.07.30"]
[SourceVersion "1"]
[SourceVersionDate "2021.07.30"]
[SourceQuality "1"]
[WhiteTeam "Witney"]
[BlackTeam "Midland Monarchs"]
[WhiteTeamCountry "ENG"]
[BlackTeamCountry "ENG"]

1. d4 Nf6 2. c4 e6 3. Nf3 b6 4. g3 Bb7 5. Bg2 Be7 6. O-O d6 7. Nc3 Ne4 8. Bd2
Nd7 9. Qc2 Nxc3 10. bxc3 Nf6 11. Ne1 Bxg2 12. Nxg2 d5 13. Nf4 O-O 14. Qa4 Qe8
15. Qb3 Qc6 1/2-1/2

[Event "4NCL chT 1995/96 3rd"]
[Site "Various"]
[Date "1996.04.27"]
[Round "9.63"]
[White "Ansell, Simon T"]
[Black "Ledger, Andrew"]
[Result "1/2-1/2"]
[WhiteElo "2345"]
[BlackElo "2410"]
[PlyCount "21"]
[EventDate "1995.11.25"]
[EventType "team-tourn"]
[EventRounds "13"]
[EventCountry "GBR"]
[SourceTitle "BritBase"]
[Source "britbase.info"]
[SourceDate "2021.07.30"]
[SourceVersion "1"]
[SourceVersionDate "2021.07.30"]
[SourceQuality "1"]
[WhiteTeam "Witney"]
[BlackTeam "Midland Monarchs"]
[WhiteTeamCountry "ENG"]
[BlackTeamCountry "ENG"]

1. e4 c6 2. d4 d5 3. e5 Bf5 4. c4 e6 5. a3 dxc4 6. Bxc4 Nd7 7. Nc3 Nb6 8. Bb3
Ne7 9. Nge2 Qd7 10. O-O Rd8 11. Be3 1/2-1/2

[Event "4NCL chT 1995/96 3rd"]
[Site "Various"]
[Date "1996.04.27"]
[Round "9.64"]
[White "Turner, Matthew J"]
[Black "Headlong, Timothy"]
[Result "1/2-1/2"]
[WhiteElo "2400"]
[BlackElo "2230"]
[PlyCount "58"]
[EventDate "1995.11.25"]
[EventType "team-tourn"]
[EventRounds "13"]
[EventCountry "GBR"]
[SourceTitle "BritBase"]
[Source "britbase.info"]
[SourceDate "2021.07.30"]
[SourceVersion "1"]
[SourceVersionDate "2021.07.30"]
[SourceQuality "1"]
[WhiteTeam "Midland Monarchs"]
[BlackTeam "Witney"]
[WhiteTeamCountry "ENG"]
[BlackTeamCountry "ENG"]

1. c4 e6 2. Nc3 d5 3. cxd5 exd5 4. d4 c5 5. e4 dxe4 6. d5 f5 7. Nh3 Bd6 8. Bb5+
Kf8 9. f3 a6 10. Be2 Qh4+ 11. Kf1 exf3 12. Bxf3 h6 13. Be3 Nd7 14. Qe2 Ne7 15.
Re1 b5 16. Bf4 Bxf4 17. Nxf4 Qxf4 18. Qxe7+ Kg8 19. d6 Rb8 20. Nd5 Qc4+ 21. Re2
Kh7 22. g3 Rf8 23. Nf4 Rf7 24. b3 Qc3 25. Bh5 Rxe7 26. dxe7 Qa1+ 27. Kf2 Qd4+
28. Kf1 Qa1+ 29. Kf2 Qd4+ 1/2-1/2

[Event "4NCL chT 1995/96 3rd"]
[Site "Various"]
[Date "1996.04.27"]
[Round "9.66"]
[White "Tozer, Richard"]
[Black "Hackett, David G"]
[Result "1-0"]
[WhiteElo "2400"]
[BlackElo "2225"]
[PlyCount "115"]
[EventDate "1995.11.25"]
[EventType "team-tourn"]
[EventRounds "13"]
[EventCountry "GBR"]
[SourceTitle "BritBase"]
[Source "britbase.info"]
[SourceDate "2021.07.30"]
[SourceVersion "1"]
[SourceVersionDate "2021.07.30"]
[SourceQuality "1"]
[WhiteTeam "Midland Monarchs"]
[BlackTeam "Witney"]
[WhiteTeamCountry "ENG"]
[BlackTeamCountry "ENG"]

1. d4 Nf6 2. c4 g6 3. Nc3 Bg7 4. e4 d6 5. Be2 O-O 6. Bg5 h6 7. Be3 e5 8. d5 a5
9. h4 Na6 10. h5 g5 11. Nh3 Nh7 12. Bg4 Nc5 13. Bxc8 Rxc8 14. g4 Nf6 15. f3
Nfd7 16. Nf2 Ra8 17. b3 Bf6 18. O-O Ra6 19. Nh1 Qa8 20. Ng3 Rb6 21. Nf5 Kh7 22.
Nb5 Rc8 23. Rb1 Ra6 24. Qd2 Qb8 25. Rfc1 Qa8 26. Rc2 Qb8 27. Kg2 Qa8 28. Nc3
Rb8 29. Rcb2 Bd8 30. Ne2 Rc8 31. Neg3 f6 32. Ne2 Rb8 33. Nc3 Rc8 34. a3 a4 35.
b4 Nb3 36. Qd3 Rb8 37. Bf2 Rc8 38. Ra2 Rb8 39. Re1 Nb6 40. Nxa4 Nxa4 41. Qxb3
b5 42. c5 Qb7 43. Rc2 Rba8 44. Rec1 Qb8 45. Qd3 Qb7 46. Qd2 Qb8 47. Qe2 dxc5
48. bxc5 c6 49. Be1 R8a7 50. Rd1 Ba5 51. Bxa5 Rxa5 52. dxc6 b4 53. axb4 Qxb4
54. Rd7+ Rxd7 55. cxd7 Ra8 56. c6 Qb1 57. c7 Nc3 58. d8=Q 1-0

[Event "4NCL chT 1995/96 3rd"]
[Site "Various"]
[Date "1996.04.27"]
[Round "9.71"]
[White "Cummings, David H"]
[Black "Bell, Stephen"]
[Result "1/2-1/2"]
[WhiteElo "2350"]
[BlackElo "2350"]
[PlyCount "89"]
[EventDate "1995.11.25"]
[EventType "team-tourn"]
[EventRounds "13"]
[EventCountry "GBR"]
[SourceTitle "BritBase"]
[Source "britbase.info"]
[SourceDate "2021.07.30"]
[SourceVersion "1"]
[SourceVersionDate "2021.07.30"]
[SourceQuality "1"]
[WhiteTeam "South Wales Dragons"]
[BlackTeam "Newcastle"]
[WhiteTeamCountry "ENG"]
[BlackTeamCountry "ENG"]

1. d4 e6 2. Nf3 d5 3. g3 c5 4. Bg2 Nc6 5. O-O Bd7 6. c4 dxc4 7. Na3 cxd4 8.
Nxc4 b5 9. Nce5 Rc8 10. Nxc6 Bxc6 11. Qxd4 Qxd4 12. Nxd4 Bxg2 13. Kxg2 a6 14.
Bf4 Bc5 15. Rac1 Ne7 16. Nb3 Bb6 17. Bd6 Rxc1 18. Rxc1 Kd7 19. Rd1 Nd5 20. Be5
f6 21. Bd4 Bxd4 22. Nxd4 Rc8 23. e4 Nb6 24. Nf5+ Kc7 25. Nxg7 Kb7 26. Nxe6 Rc2
27. b3 Rxa2 28. Rd6 a5 29. Nc5+ Kc7 30. Rxf6 a4 31. bxa4 bxa4 32. Na6+ Kb7 33.
Nc5+ Kc7 34. Nxa4 Nxa4 35. Rf7+ Kd6 36. Rxh7 Nc3 37. Rh4 Ke5 38. Rf4 Nxe4 39.
h4 Nf6 40. Kh3 Ne4 41. Kg2 Nf6 42. Rf3 Rb2 43. Re3+ Ne4 44. Rf3 Nf6 45. Re3+
1/2-1/2

[Event "4NCL chT 1995/96 3rd"]
[Site "Various"]
[Date "1996.04.27"]
[Round "9.72"]
[White "Storey, Charles"]
[Black "Zeidler, Sven P"]
[Result "1-0"]
[WhiteElo "2215"]
[BlackElo "2345"]
[PlyCount "107"]
[EventDate "1995.11.25"]
[EventType "team-tourn"]
[EventRounds "13"]
[EventCountry "GBR"]
[SourceTitle "BritBase"]
[Source "britbase.info"]
[SourceDate "2021.07.30"]
[SourceVersion "1"]
[SourceVersionDate "2021.07.30"]
[SourceQuality "1"]
[WhiteTeam "Newcastle"]
[BlackTeam "South Wales Dragons"]
[WhiteTeamCountry "ENG"]
[BlackTeamCountry "ENG"]

1. e4 d5 2. d4 dxe4 3. Nc3 f5 4. f3 e5 5. dxe5 Qxd1+ 6. Kxd1 Be6 7. fxe4 Nc6 8.
Nf3 O-O-O+ 9. Bd3 fxe4 10. Nxe4 Bg4 11. Bf4 Nge7 12. Nf2 Bxf3+ 13. gxf3 Ng6 14.
Bg5 Be7 15. Bxe7 Ncxe7 16. Rg1 Rhf8 17. Ke2 Nf4+ 18. Kd2 g6 19. Rgf1 Nc6 20.
Rae1 Nd4 21. Re3 Nd5 22. Be4 Nxe3 23. Kxe3 Ne6 24. Nd3 Ng5 25. h4 Nxe4 26. Kxe4
b6 27. f4 c5 28. c3 c4 29. Nb4 Rd2 30. h5 a5 31. Nd5 Rxb2 32. hxg6 hxg6 33.
Ne7+ Kd7 34. Nxg6 Rg8 35. Rd1+ Ke8 36. f5 Rxa2 37. Rb1 Ra3 38. Rxb6 Rxc3 39.
Rb8+ Kf7 40. Rb7+ Ke8 41. Kf4 Rb3 42. Re7+ Kd8 43. Ra7 c3 44. Rxa5 Rb4+ 45. Kg5
Rc4 46. Ra1 c2 47. Rc1 Rg7 48. f6 Rd7 49. e6 Rd1 50. f7 Rxc1 51. f8=Q+ Kc7 52.
Qg7+ Kd6 53. Qe5+ Kc6 54. Ne7+ 1-0

[Event "4NCL chT 1995/96 3rd"]
[Site "Various"]
[Date "1996.04.27"]
[Round "9.73"]
[White "James, David J"]
[Black "Wall, Tim"]
[Result "1/2-1/2"]
[WhiteElo "2265"]
[BlackElo "2250"]
[PlyCount "45"]
[EventDate "1995.11.25"]
[EventType "team-tourn"]
[EventRounds "13"]
[EventCountry "GBR"]
[SourceTitle "BritBase"]
[Source "britbase.info"]
[SourceDate "2021.07.30"]
[SourceVersion "1"]
[SourceVersionDate "2021.07.30"]
[SourceQuality "1"]
[WhiteTeam "South Wales Dragons"]
[BlackTeam "Newcastle"]
[WhiteTeamCountry "ENG"]
[BlackTeamCountry "ENG"]

1. d4 d5 2. c4 e6 3. Nc3 c6 4. Nf3 dxc4 5. a4 Bb4 6. e4 b5 7. Bg5 Ne7 8. Be2
Bb7 9. O-O a6 10. Qc2 Nd7 11. b3 cxb3 12. Qxb3 Ba5 13. e5 O-O 14. Ne4 c5 15.
Nxc5 Nxc5 16. dxc5 Bd5 17. Qe3 b4 18. Bd3 Qc7 19. Bxe7 Qxe7 20. Ng5 h6 21. Ne4
Bxe4 22. Qxe4 g6 23. Rac1 1/2-1/2

[Event "4NCL chT 1995/96 3rd"]
[Site "Various"]
[Date "1996.04.27"]
[Round "9.74"]
[White "Ledger, Dave J"]
[Black "Spice, Alan P"]
[Result "0-1"]
[WhiteElo "2270"]
[BlackElo "2190"]
[PlyCount "102"]
[EventDate "1995.11.25"]
[EventType "team-tourn"]
[EventRounds "13"]
[EventCountry "GBR"]
[SourceTitle "BritBase"]
[Source "britbase.info"]
[SourceDate "2021.07.30"]
[SourceVersion "1"]
[SourceVersionDate "2021.07.30"]
[SourceQuality "1"]
[WhiteTeam "Newcastle"]
[BlackTeam "South Wales Dragons"]
[WhiteTeamCountry "ENG"]
[BlackTeamCountry "ENG"]

1. d4 e6 2. c4 f5 3. Nc3 Nf6 4. g3 Be7 5. Bg2 O-O 6. Nf3 d6 7. O-O Qe8 8. Re1
Ne4 9. Qc2 Qg6 10. Be3 Nxc3 11. Qxc3 Bf6 12. Qb3 e5 13. c5+ Kh8 14. cxd6 cxd6
15. dxe5 dxe5 16. Bc5 Re8 17. Red1 Nc6 18. Rd6 Qh5 19. Rad1 e4 20. Nd4 Nxd4 21.
Bxd4 Be7 22. Qc3 Bxd6 23. Bxg7+ Kg8 24. Rxd6 Be6 25. Bd4 Qh6 26. Qc7 Qf8 27.
Qxb7 Rac8 28. Qa6 Rc1+ 29. Bf1 Qf7 30. Qa5 f4 31. Qe5 Rxf1+ 32. Kxf1 Bh3+ 33.
Ke1 Rxe5 34. Bxe5 Qxa2 35. gxf4 Be6 36. Kf1 a5 37. Kg2 Qb3 38. Bc3 a4 39. Ra6
Qc4 40. Ra8+ Kf7 41. Ra7+ Ke8 42. Ra8+ Kd7 43. Ra7+ Kc6 44. e3 Qe2 45. Bd4 Qf3+
46. Kf1 Bc4+ 47. Kg1 Qg4+ 48. Kh1 Bf1 49. Rg7 Qf3+ 50. Kg1 Bh3 51. Rxh7 Qg2#
0-1

[Event "4NCL chT 1995/96 3rd"]
[Site "Various"]
[Date "1996.04.27"]
[Round "9.76"]
[White "Waters, Clive L"]
[Black "Martin, David"]
[Result "1/2-1/2"]
[WhiteElo "2215"]
[BlackElo "2155"]
[PlyCount "87"]
[EventDate "1995.11.25"]
[EventType "team-tourn"]
[EventRounds "13"]
[EventCountry "GBR"]
[SourceTitle "BritBase"]
[Source "britbase.info"]
[SourceDate "2021.07.30"]
[SourceVersion "1"]
[SourceVersionDate "2021.07.30"]
[SourceQuality "1"]
[WhiteTeam "Newcastle"]
[BlackTeam "South Wales Dragons"]
[WhiteTeamCountry "ENG"]
[BlackTeamCountry "ENG"]

1. e4 e6 2. d3 d5 3. Nd2 Nf6 4. g3 b6 5. Bg2 Bb7 6. Nh3 Nbd7 7. O-O Be7 8. Nf4
dxe4 9. Nxe4 Nxe4 10. dxe4 Nf6 11. Qe2 Qc8 12. Nd3 Nd7 13. Bf4 Nc5 14. Nxc5
Bxc5 15. Qg4 Bd4 16. c3 h5 17. Qg5 Bf6 18. Qb5+ c6 19. Qa4 e5 20. Be3 h4 21.
Rad1 Qe6 22. Rd2 hxg3 23. fxg3 Qe7 24. Qc4 Rd8 25. Rxd8+ Qxd8 26. Bg5 Ke7 27.
h4 Qd6 28. Bxf6+ gxf6 29. Qe2 Qc5+ 30. Qf2 Qxf2+ 31. Rxf2 Bc8 32. Rd2 Be6 33.
b3 c5 34. Rf2 a5 35. Bf1 Rc8 36. c4 Ra8 37. a4 Rd8 38. Kh2 Rd4 39. h5 Kf8 40.
Bh3 Kg7 41. h6+ Kg6 42. Bxe6 fxe6 43. Kh3 Rd7 44. Kh4 1/2-1/2

[Event "4NCL chT 1995/96 3rd"]
[Site "Various"]
[Date "1996.04.28"]
[Round "10.12"]
[White "Beaumont, Chris"]
[Black "Lalic, Bogdan"]
[Result "1/2-1/2"]
[WhiteElo "2330"]
[BlackElo "2575"]
[PlyCount "35"]
[EventDate "1995.11.25"]
[EventType "team-tourn"]
[EventRounds "13"]
[EventCountry "GBR"]
[SourceTitle "BritBase"]
[Source "britbase.info"]
[SourceDate "2021.07.30"]
[SourceVersion "1"]
[SourceVersionDate "2021.07.30"]
[SourceQuality "1"]
[WhiteTeam "Bristol"]
[BlackTeam "Slough"]
[WhiteTeamCountry "ENG"]
[BlackTeamCountry "ENG"]

1. c4 Nf6 2. Nf3 e6 3. Nc3 Bb4 4. g3 O-O 5. Bg2 d5 6. a3 Be7 7. d4 dxc4 8. Qa4
a6 9. Qxc4 b5 10. Qd3 Bb7 11. O-O c5 12. Bg5 Nbd7 13. Rfd1 Qb6 14. Ne5 Rfd8 15.
Bxb7 Qxb7 16. Qf3 Qxf3 17. Nxf3 h6 18. Bxf6 1/2-1/2

[Event "4NCL chT 1995/96 3rd"]
[Site "Various"]
[Date "1996.04.28"]
[Round "10.13"]
[White "Summerscale, Aaron"]
[Black "Phillips, Roy Jean Noel"]
[Result "1-0"]
[WhiteElo "2465"]
[BlackElo "2130"]
[PlyCount "73"]
[EventDate "1995.11.25"]
[EventType "team-tourn"]
[EventRounds "13"]
[EventCountry "GBR"]
[SourceTitle "BritBase"]
[Source "britbase.info"]
[SourceDate "2021.07.30"]
[SourceVersion "1"]
[SourceVersionDate "2021.07.30"]
[SourceQuality "1"]
[WhiteTeam "Slough"]
[BlackTeam "Bristol"]
[WhiteTeamCountry "ENG"]
[BlackTeamCountry "ENG"]

1. d4 e6 2. c4 Nf6 3. Nc3 Bb4 4. Qc2 O-O 5. a3 Bxc3+ 6. Qxc3 b5 7. cxb5 Nd5 8.
Qc2 f5 9. Nf3 c6 10. bxc6 Nxc6 11. e3 Qb6 12. Bd3 Ba6 13. O-O Rfc8 14. Qe2 Bxd3
15. Qxd3 Na5 16. Nd2 Qc6 17. b4 Nc4 18. Nb3 d6 19. Bd2 Qa4 20. Nc5 dxc5 21.
Qxc4 cxb4 22. axb4 Qc2 23. Qxc2 Rxc2 24. Rfd1 Rac8 25. Be1 Rb2 26. Rdb1 Re2 27.
Rxa7 Rcc2 28. Ra3 Nf6 29. b5 Rb2 30. Raa1 Nd5 31. Kf1 Kf7 32. Ra7+ Kf6 33. Rxb2
Rxb2 34. Rb7 f4 35. e4 Ne7 36. d5 exd5 37. Bc3+ 1-0

[Event "4NCL chT 1995/96 3rd"]
[Site "Various"]
[Date "1996.04.28"]
[Round "10.14"]
[White "Mordue, A Tyson"]
[Black "Hennigan, Michael T"]
[Result "1/2-1/2"]
[WhiteElo "2240"]
[BlackElo "2450"]
[PlyCount "53"]
[EventDate "1995.11.25"]
[EventType "team-tourn"]
[EventRounds "13"]
[EventCountry "GBR"]
[SourceTitle "BritBase"]
[Source "britbase.info"]
[SourceDate "2021.07.30"]
[SourceVersion "1"]
[SourceVersionDate "2021.07.30"]
[SourceQuality "1"]
[WhiteTeam "Bristol"]
[BlackTeam "Slough"]
[WhiteTeamCountry "ENG"]
[BlackTeamCountry "ENG"]

1. e4 c5 2. Nf3 Nc6 3. b3 d6 4. Bb5 e5 5. O-O a6 6. Bxc6+ bxc6 7. c3 Bg4 8. d4
cxd4 9. cxd4 Bxf3 10. Qxf3 exd4 11. Bb2 c5 12. e5 d5 13. b4 Rb8 14. Nd2 Rxb4
15. Ba3 Rb5 16. Nb3 d3 17. Rab1 Nh6 18. h3 Be7 19. Nxc5 Qa5 20. Qxd3 O-O 21.
Rxb5 axb5 22. Rb1 Ra8 23. Rxb5 Qe1+ 24. Qf1 Qxe5 25. Nd3 Qc7 26. Bxe7 Qxe7 27.
Rxd5 1/2-1/2

[Event "4NCL chT 1995/96 3rd"]
[Site "Various"]
[Date "1996.04.28"]
[Round "10.16"]
[White "Rudd, Jack"]
[Black "Lalic, Susan"]
[Result "0-1"]
[WhiteElo "2215"]
[BlackElo "2305"]
[PlyCount "208"]
[EventDate "1995.11.25"]
[EventType "team-tourn"]
[EventRounds "13"]
[EventCountry "GBR"]
[SourceTitle "BritBase"]
[Source "britbase.info"]
[SourceDate "2021.07.30"]
[SourceVersion "1"]
[SourceVersionDate "2021.07.30"]
[SourceQuality "1"]
[WhiteTeam "Bristol"]
[BlackTeam "Slough"]
[WhiteTeamCountry "ENG"]
[BlackTeamCountry "ENG"]

1. e4 d5 2. exd5 Nf6 3. Bb5+ Bd7 4. Bc4 b5 5. Bb3 Bg4 6. Nf3 Nxd5 7. Qe2 c6 8.
Nc3 a6 9. h3 Bxf3 10. Qxf3 e6 11. Qg3 Qd6 12. Qg5 Qf4 13. Qxf4 Nxf4 14. O-O Nd7
15. Re1 Be7 16. d4 Nd5 17. Nxd5 cxd5 18. a4 b4 19. Bf4 Nf6 20. a5 O-O 21. Bc7
Rfc8 22. Bb6 Rab8 23. Ba4 Bd8 24. Bxd8 Rxd8 25. f3 Ne8 26. Kf2 Nd6 27. Bb3 Rdc8
28. f4 Nc4 29. f5 Rc6 30. fxe6 fxe6 31. Bxc4 Rxc4 32. Rxe6 Rxc2+ 33. Kg3 Ra8
34. Re7 Rf8 35. Ra7 Rf6 36. Re1 h6 37. Re8+ Kh7 38. Rd8 Rxb2 39. Rxd5 b3 40.
Rb7 Rg6+ 41. Kf4 Rgxg2 42. Rd6 Rgf2+ 43. Ke4 Rbe2+ 44. Kd5 Rf5+ 45. Kc4 Rxa5
46. Rxb3 Rc2+ 47. Kd3 Rh2 48. Kc4 Ra1 49. Rd7 Rg2 50. Ra7 Ra4+ 51. Kc5 Rg5+ 52.
d5 Ra5+ 53. Kc6 Rgxd5 54. Rxa6 Rac5+ 55. Kb6 Rc8 56. Kb7 Rdc5 57. Re3 R5c7+ 58.
Kb6 Rc6+ 59. Kb7 Rxa6 60. Kxc8 Ra7 61. Kd8 g5 62. Ke8 Kg6 63. Kf8 Rf7+ 64. Kg8
h5 65. Rg3 Rf4 66. Re3 h4 67. Ra3 g4 68. hxg4 Kg5 69. Kg7 Kxg4 70. Kg6 Rb4 71.
Kf6 h3 72. Ke5 h2 73. Ra1 Rb2 74. Ke4 Kg3 75. Rh1 Kg2 76. Rxh2+ Kxh2 77. Kf3
Rb4 78. Ke3 Kg3 79. Kd3 Kf3 80. Kc3 Re4 81. Kd3 Re8 82. Kd4 Re1 83. Kd5 Kf4 84.
Kd6 Kf5 85. Kd7 Kf6 86. Kd8 Kf7 87. Kd7 Rd1+ 88. Kc6 Ke6 89. Kc5 Rd8 90. Kc4
Ke5 91. Kc3 Ke4 92. Kc2 Ke3 93. Kc1 Ke2 94. Kc2 Rc8+ 95. Kb3 Kd3 96. Kb4 Rc1
97. Kb5 Kd4 98. Kb6 Kd5 99. Kb7 Kd6 100. Kb8 Kd7 101. Kb7 Rb1+ 102. Ka6 Kc6
103. Ka5 Rb8 104. Ka4 Kc5 0-1

[Event "4NCL chT 1995/96 3rd"]
[Site "Various"]
[Date "1996.04.28"]
[Round "10.17"]
[White "Webb, Richard M"]
[Black "Binks, Michael"]
[Result "1-0"]
[WhiteElo "2280"]
[BlackElo "2100"]
[PlyCount "51"]
[EventDate "1995.11.25"]
[EventType "team-tourn"]
[EventRounds "13"]
[EventCountry "GBR"]
[SourceTitle "BritBase"]
[Source "britbase.info"]
[SourceDate "2021.07.30"]
[SourceVersion "1"]
[SourceVersionDate "2021.07.30"]
[SourceQuality "1"]
[WhiteTeam "Slough"]
[BlackTeam "Bristol"]
[WhiteTeamCountry "ENG"]
[BlackTeamCountry "ENG"]

1. e4 c5 2. Nc3 Nc6 3. Nge2 g6 4. d4 cxd4 5. Nxd4 Bg7 6. Be3 d6 7. Qd2 Nf6 8.
f3 O-O 9. Bc4 Bd7 10. O-O-O Qa5 11. Bb3 Rfc8 12. Kb1 Ne5 13. Bg5 Nc4 14. Bxc4
Rxc4 15. Nb3 Qa6 16. e5 Ne8 17. Nd5 Bxe5 18. Nxe7+ Kf8 19. Rhe1 Be6 20. f4 Bxf4
21. Bxf4 Kxe7 22. a3 Kd7 23. Nd4 Rac8 24. Qe3 d5 25. Nxe6 Qxe6 26. Qf3 1-0

[Event "4NCL chT 1995/96 3rd"]
[Site "Various"]
[Date "1996.04.28"]
[Round "10.21"]
[White "O'Shaughnessy, Conor"]
[Black "Chandler, Murray G"]
[Result "0-1"]
[WhiteElo "2240"]
[BlackElo "2535"]
[PlyCount "120"]
[EventDate "1995.11.25"]
[EventType "team-tourn"]
[EventRounds "13"]
[EventCountry "GBR"]
[SourceTitle "BritBase"]
[Source "britbase.info"]
[SourceDate "2021.07.30"]
[SourceVersion "1"]
[SourceVersionDate "2021.07.30"]
[SourceQuality "1"]
[WhiteTeam "Na Fianna"]
[BlackTeam "British Chess Magazine"]
[WhiteTeamCountry "ENG"]
[BlackTeamCountry "ENG"]

1. e4 c5 2. c3 d5 3. exd5 Qxd5 4. d4 Nc6 5. Nf3 cxd4 6. cxd4 e5 7. Nc3 Bb4 8.
Bd2 Bxc3 9. Bxc3 e4 10. Ne5 Nxe5 11. dxe5 Ne7 12. Be2 O-O 13. O-O Bd7 14. Re1
Bc6 15. Bf1 Rfe8 16. Qh5 Qe6 17. g3 Qg6 18. Qh4 Nd5 19. Bd4 Nb4 20. Rac1 Nd3
21. Bxd3 exd3 22. Qf4 Qe6 23. Re3 d2 24. Rd1 h6 25. f3 Qxa2 26. Ra3 Qc4 27.
Bxa7 Qb5 28. Rxd2 Rxe5 29. Re3 Rxe3 30. Qxe3 Qf5 31. Rf2 Bb5 32. Bd4 Qh3 33. b4
Re8 34. Qd2 h5 35. Rg2 Qf5 36. h4 f6 37. Qc3 Qb1+ 38. Kh2 Re1 39. Rg1 Re2+ 40.
Rg2 Qa2 41. Qc8+ Kh7 42. Qf5+ g6 43. Qh3 Qd5 44. Rxe2 Bxe2 45. Bxf6 Bxf3 46.
Qf1 Qd2+ 47. Kg1 Bd5 48. Qf2 Qxb4 49. Bb2 Qe4 50. Qd2 b5 51. Kf2 Qf3+ 52. Ke1
Qxg3+ 53. Qf2 Qxf2+ 54. Kxf2 g5 55. hxg5 Kg6 56. Bf6 b4 57. Kg3 Kf5 58. Kh4 Bf7
59. Kg3 Ke4 60. Bh8 b3 0-1

[Event "4NCL chT 1995/96 3rd"]
[Site "Various"]
[Date "1996.04.28"]
[Round "10.22"]
[White "Bellin, Robert"]
[Black "Lyell, Mark"]
[Result "1-0"]
[WhiteElo "2385"]
[BlackElo "2270"]
[PlyCount "107"]
[EventDate "1995.11.25"]
[EventType "team-tourn"]
[EventRounds "13"]
[EventCountry "GBR"]
[SourceTitle "BritBase"]
[Source "britbase.info"]
[SourceDate "2021.07.30"]
[SourceVersion "1"]
[SourceVersionDate "2021.07.30"]
[SourceQuality "1"]
[WhiteTeam "British Chess Magazine"]
[BlackTeam "Na Fianna"]
[WhiteTeamCountry "ENG"]
[BlackTeamCountry "ENG"]

1. e4 e5 2. Nf3 Nc6 3. Bb5 f5 4. Nc3 fxe4 5. Nxe4 d5 6. Nxe5 dxe4 7. Nxc6 Qd5
8. c4 Qd6 9. Nxa7+ Bd7 10. Qh5+ g6 11. Bxd7+ Qxd7 12. Qe5+ Kf7 13. Nb5 c6 14.
Qd4 Qe7 15. Nc3 Nf6 16. O-O Rd8 17. Qe3 Rd3 18. Qe2 Qe5 19. b3 Bc5 20. Bb2 Rhd8
21. Na4 Bd4 22. Bxd4 Qxd4 23. Rad1 b5 24. cxb5 cxb5 25. Nc3 b4 26. Na4 h5 27.
Rc1 Rxd2 28. Qe3 Ng4 29. Nc5 Qe5 30. Qg3 Qxg3 31. fxg3+ Kg8 32. Nxe4 Rxa2 33.
h3 Ne3 34. Rf2 Rda8 35. Re1 Ra1 36. Rfe2 Rxe1+ 37. Rxe1 Nd5 38. Rd1 Nc3 39.
Nxc3 bxc3 40. Rc1 Rc8 41. Rc2 Rd8 42. Rxc3 Rd2 43. Rc7 Rd3 44. Rb7 Rxg3 45. Kf2
Rc3 46. b4 Rb3 47. b5 Kf8 48. b6 Ke8 49. Ke2 Rg3 50. Rh7 Rxg2+ 51. Kf3 Rb2 52.
b7 Kd8 53. h4 Rb4 54. Ke3 1-0

[Event "4NCL chT 1995/96 3rd"]
[Site "Various"]
[Date "1996.04.28"]
[Round "10.23"]
[White "Richardson, John R"]
[Black "Friedgood, David"]
[Result "1-0"]
[WhiteElo "2280"]
[BlackElo "2285"]
[PlyCount "81"]
[EventDate "1995.11.25"]
[EventType "team-tourn"]
[EventRounds "13"]
[EventCountry "GBR"]
[SourceTitle "BritBase"]
[Source "britbase.info"]
[SourceDate "2021.07.30"]
[SourceVersion "1"]
[SourceVersionDate "2021.07.30"]
[SourceQuality "1"]
[WhiteTeam "Na Fianna"]
[BlackTeam "British Chess Magazine"]
[WhiteTeamCountry "ENG"]
[BlackTeamCountry "ENG"]

1. d4 Nf6 2. c4 g6 3. Nc3 Bg7 4. Nf3 O-O 5. g3 d6 6. Bg2 c6 7. O-O a6 8. a4 a5
9. h3 Na6 10. e4 Nd7 11. Bg5 h6 12. Be3 e5 13. b3 exd4 14. Nxd4 Ndc5 15. Rb1
Qe7 16. Qd2 Kh7 17. Rfd1 Rd8 18. f4 f5 19. exf5 Bxf5 20. Nxf5 gxf5 21. Re1 Qf6
22. Ne2 Re8 23. Kh2 Re7 24. Bg1 Rae8 25. Nd4 Nb4 26. Rxe7 Rxe7 27. Re1 Ne4 28.
Qe2 d5 29. cxd5 cxd5 30. Qh5 Nxg3 31. Qd1 Rxe1 32. Qxe1 Ne4 33. Qe2 Qh4 34. Qf3
Kg6 35. Bf1 Bf8 36. Be3 Bd6 37. Qg2+ Kf7 38. Nxf5 Bxf4+ 39. Kh1 Bxe3 40. Qg7+
Ke6 41. Nxh4 1-0